La suma de los ceros /

Guardado en:
Detalles Bibliográficos
Autor principal: Rabasa, Eduardo (autor)
Formato: Libro
Idioma:Español
Publicado: Logroño, España : Pepitas de Calabaza, 2015, c2015
Colección:(AméricaLee)
Temas:
Etiquetas: Agrega una etiqueta
Sin etiquetas, Sé el primero en etiquetar este registro!

MARC

LEADER 00000nam^a2200000^a^4500
001 000389859
005 20250521000000.0
009 20260310121132.674
020 |a 978-84-15862-40-6 
037 |a Acervo ITESO - Biblioteca 
041 |a ESP 
082 |a 863.  |b RAB 
100 |a Rabasa, Eduardo  |e (autor) 
245 1 3 |a La suma de los ceros /  |c E. Rabasa. 
264 4 |a Logroño, España :  |b Pepitas de Calabaza,  |c 2015, c2015 
300 |a 381 p. 
336 |a texto  |b txt  |2 rdacontenido 
337 |a sin mediación  |b n  |2 rdamedio 
338 |a volumen  |b nc  |2 rdasoporte 
440 1 |a (AméricaLee) 
649 |a XX 
650 |a Novela Mexicana 
650 |a Literatura Mexicana -  |y Siglo XXI 
910 |a Fondo General 
920 |a Impresos - Libros 
930 |a Colección General 
940 |a Literatura 
905 |a 101 
901 |a 0500284526  |b IT1  |c LIT  |i C153422  |u 20250521 
902 |a https://opac.biblio.iteso.mx/vufind/Record/000389859